Personnages de The L Word par images - Statistiques

Statistiques générales
  • Ce quiz a été pris 15 fois
  • Le résultat moyen est 11 sur 20
Statistiques - réponses
Par images Réponse % Correct
Bette Porter
100%
Tina Kennard
100%
Alice Pieszecki
83%
Carmen de la Pica Morales
83%
Dana Fairbanks
83%
Helena Peabody
83%
Jenny Schecter
83%
Marina Ferrer
83%
Max Sweeney
83%
Shane McCutcheon
83%
Kit Porter
67%
Tim Haspel
67%
Jodi Lerner
33%
Gigi Ghorbani
17%
Dani Núñez
0%
Maribel Suarez
0%
Micah Lee
0%
Sarah Finley
0%
Sophie Suarez
0%
Tess Van De Berg
0%
Aucun quiz correspondant
Distribution des résultats
% des personnes avec chaque résultat
Percentile par nombre de réponses
Votre historique - résultats
Vous n’avez pas pris ce quiz